|
|
|
|
| LEADER |
00798nam a2200193 i 4500 |
| 003 |
GR-PaULI |
| 005 |
20221103114403.0 |
| 008 |
221103t1930 enk||||g |||| 00| f eng d |
| 952 |
|
|
|0 0
|1 0
|2 ddc
|4 0
|6 823_912000000000000_DEE
|7 0
|9 365540
|a LISP
|b LISP
|c DON
|d 2022-11-03
|e ΠΑΠ
|i 150400
|l 0
|o 823.912 DEE
|p 025000277087
|r 2022-11-03 00:00:00
|t 1
|w 2022-11-03
|y BK15
|
| 999 |
|
|
|c 213605
|d 213605
|
| 040 |
|
|
|a GR-PaULI
|b gre
|c GR-PaULI
|e AACR2
|
| 082 |
0 |
4 |
|2 23
|a 823.912
|
| 100 |
1 |
|
|9 107531
|a Deeping, Warwick,
|d 1877-1950,
|e συγγραφέας.
|
| 245 |
1 |
0 |
|a Exiles /
|c by Warwick Deeping.
|
| 260 |
|
|
|a London ;
|a Toronto :
|b Cassell & Company LTD,
|c 1930.
|
| 300 |
|
|
|a 347 σ. ;
|c 19 εκ.
|
| 500 |
|
|
|a by Warwick Deeping author of "Sorrell and on", Roper's row" etc.
|
| 942 |
|
|
|2 ddc
|c BK
|
| 998 |
|
|
|c ΛΟΤΣΑΡΗ
|d 2022-11
|